Sold state physics (Record no. 6477)

MARC details
000 -LEADER
fixed length control field 00803 a2200205 4500
005 - DATE AND TIME OF LATEST TRANSACTION
control field 20080828125444.0
008 - FIXED-LENGTH DATA ELEMENTS--GENERAL INFORMATION
fixed length control field 080828t xxu||||| |||| 00| 0 eng d
010 ## - LIBRARY OF CONGRESS CONTROL NUMBER
LC control number ENG-87363
020 ## - INTERNATIONAL STANDARD BOOK NUMBER
Terms of availability 285.00
International Standard Book Number 1403929513
035 ## - SYSTEM CONTROL NUMBER
System control number EN-70896
037 ## - SOURCE OF ACQUISITION
Source of stock number/acquisition DBAD / PUB
082 ## - DEWEY DECIMAL CLASSIFICATION NUMBER
Classification number 530.41
100 ## - MAIN ENTRY--PERSONAL NAME
Personal name Saxena, Ajay Kumar
245 ## - TITLE STATEMENT
Title Sold state physics
Statement of responsibility, etc by Ajay Kumar Saxena
Remainder of title an introduction to solid state electronic devices
260 ## - PUBLICATION, DISTRIBUTION, ETC. (IMPRINT)
Place of publication, distribution, etc New Delhi
Name of publisher, distributor, etc Macmillan India
Date of publication, distribution, etc 2006
270 ## - ADDRESS
Address 2/10, Ansari Road, Daryaganj,
City New Delhi
Postal code 110 002
300 ## - PHYSICAL DESCRIPTION
Extent xiv, 408p.
Dimensions 24cm (pbk)
942 ## - ADDED ENTRY ELEMENTS (KOHA)
Institution code [OBSOLETE] dpl
Koha item type English Books
Call number prefix 530.41 / SAX
Source of classification or shelving scheme Dewey Decimal Classification
Classification part 530.41
Call number suffix SAX
Holdings
Withdrawn status Lost status Damaged status Not for loan Home library Current library Date acquired Cost, normal purchase price Total Checkouts Full call number Barcode Date last seen Copy number Uniform Resource Identifier Cost, replacement price Price effective from Koha item type
        D.B.Act.Division D.B.Act.Division 28/08/2008 285.00   530.41 SAX EN-70896 15/09/2008 1 6969 285.00 15/09/2008 English Books

© Delhi Public Library
Hit Counter
free hit counter